000 00487cam a2200181ua 4500
003 OSt
005 20260205194045.0
008 260205b |||||||| |||| 00| 0 eng d
020 _a0-88415-641-9
041 _aeng
082 _a660.2842
_bKHO/PR
100 _aKhoury, Fouad M .
_97192
245 _aPredicting the performance of multistage seperation process /
260 _aLondon :
_bGulf Publishing Company ,
_c1995.
300 _a490 ; .
500 _a** Reference
942 _cBK
999 _c3764
_d3764